000 00682nam a2200229 a 4500
001 4050368
005 20180215034748.0
008 990128s1998 maua b 001 0 eng
010 _a 99166750
020 _a0536007586
040 _aDLC
_cDLC
041 _aeng
080 _a658.30089 nor
082 0 0 _a658.30089 nor
_221
100 2 _a54
101 _aman
245 1 0 _aManaging diversity :
_cNorma Carr-Ruffino.
504 _aIncludes bibliographical references and index.
906 _a7
_bcbc
_corignew
_d2
_encip
_f19
_gy-gencatlg
942 _2ddc
_cBK
999 _c42585
_d42585